000 00740nam a22001577a 4500
003 OSt
005 20150912115917.0
008 150912b xxu||||| |||| 00| 0 eng d
040 _cRUA
082 _aAGR NEA 1997 B018 Or.1
100 _9313
_aNEANG, SOKKHIM
245 _aPotential and constraints in troducing the cover crops ang green mature into the production systems សក្ដានុពល​ការ​លំបាកឬ​ការរារាំងក្នុងការនាំចូលដំណាំជីស្រស់ និង ដំណាំគំរបដីចូលក្នុងប្រព័ន្ធកសិកម្ម
260 _aPhnom Penh
_bRUA
_c1997
300 _a83p.
_bill.
_c29cm.
942 _2ddc
_cAGR
999 _c294
_d294